Statistiques concernant Demain nous appartient

Cliquez ici pour prendre le quiz!

Statistiques générales

  • Ce quiz a été pris 1 325 fois
    (1 309 depuis la dernière actualisation)
  • Le résultat moyen est 46 sur 112

Statistiques - réponses

HintRéponse% Correct
La mère DelcourtChloé
96%
Le père BertrandAlex
94%
Le fils DelcourtMaxime
94%
La fille DelcourtJudith
90%
La grand-mère DelcourtMarianne
88%
La soeur DelcourtAnna
87%
Le Docteur LazzariVictoire
86%
Le petit fils VallortaBart
82%
Le Capitaine SaeedKarim
82%
L'homme d'affaire BrunetVictor
81%
La petite fille BeddiarNoor
79%
La proviseure LazzariSandrine
77%
La grande fille BeddiarSoraya
76%
L'avocate ClémentLou
75%
Le policier ConstantMartin
74%
Le Docteur ChardeauSamuel
74%
Les fils Lazzari/MoiretArthur
70%
La mère MorenoChristelle
70%
La prof de sport DoucetClémentine
69%
La mère VallortaFlore
69%
L'infirmière BeddiarLeila
69%
La jumelle MorenoJessica
68%
Le Lieutenant SalducciLucie
68%
Le policier CarronGeorges
67%
La fille RaynaudSara
67%
Le fils BrunetTimothée
66%
La fille BrunetLola
65%
L'écrivaine LatourRose
65%
Le père MorenoSylvain
65%
Le patron du SpoonTristan
65%
La fille MorenoBetty
63%
Le jumeau MorenoDylan
63%
La fille SaeedNina
63%
Le Docteur DumazeRenaud
63%
Le mari BeddiarBilel
62%
La fille MolinaCharlie
62%
La mère BellangerJeanne
57%
La fille DoucetGarance
56%
L'infirmier ValskiRémy
56%
La juge MoiretLaurence
55%
Le Docteur LavalBastien
54%
La fille RobertMargot
53%
Le tueur en sérieMarc
51%
Les fils Lazzari/MoiretLucas
50%
L'infirmière geekAmanda
49%
Le fils BellangerRobin
47%
Le cousin DelcourtThomas
45%
Le grand-père DelcourtAndré
43%
Le fils décédé BeddiarLyès
43%
Le mari DoucetOlivier
41%
Le père MolinaArnaud
40%
L'infirmière scolaireMorgane
39%
La mère RaynaudBéatrice
36%
La patronne du SpoonGwen
36%
Le frère VallortaEddy
32%
L'avocat BourgeuilChristophe
31%
La grand mère VallortaElisabeth
31%
Le père RaynaudGuy
31%
Le manipulateur Lisetti Raphael
31%
Le professeur de boxeFred
30%
Le fils GardelMathias
30%
L'ancien proviseur CottinJérôme
29%
La mère BertrandCatherine
28%
L'élève handicapéeEva
28%
Le père BertrandJacques
28%
Le grand père VallortaLéonard
28%
Le voleur aux fleursHugo
26%
L'activiste veganKylian
26%
Le petit fils BellangerBaptiste
23%
Le père de NoéBen
23%
La psychologue PaquinLili
23%
La cousine BeddiarYasmine
23%
L'ex du Docteur LavalEmma
22%
Le barman de la PaillottePaul
22%
La tante du Lieutenant SalducciPénélope
22%
Le Docteur ValskiTiphaine
22%
La femme CottinLéa
21%
La mère BrunetCarla
20%
La mère de NoéCélia
19%
Le fils mystère VallortaGrégory
19%
Le grand père MorenoRoch
19%
L'ex-employé du SpoonEnzo
18%
L'ex du Docteur LazzariFranck
18%
Le violeur BartoliGuillaume
18%
Le neveu BeddiarMehdi
18%
Le père DulacJoaquim
17%
La voyante VasseurOriane
17%
Le père GardelYves
16%
Le peintre MalletCédric
15%
La mère LavalFabienne
15%
Le pêcheur GualandiMattéo
15%
Le médecin légisteMike
15%
Le fils VerneuilAnthony
14%
L'ex-co détenue de MoiretCaroline
14%
L'accusé à tortPatrick
14%
Le correspondant des MorenoZac
14%
La mère VerneuilAgnès
13%
L'assistant LelongMarcus
13%
La manipulatrice BrunellAngelina
12%
Le père VerneuilDaniel
12%
La copycat du tueur aux alliancesSandra
12%
La patiente CossartGermaine
10%
La mère du gérant du SpoonMartine
10%
L'ex amie du Docteur LazzariRachel
9%
La professeure de danseTatiana
9%
La femme libreCéline
8%
L'ex de la fille BrunetStan
8%
La réfugiée syrienneYara
8%
Le jeune faux-témoinEthan
7%
La vieille amie de la fille MorenoMarcelle
7%
Le réfugié syrienRami
7%
Le passeur de réfugiésSvetan
6%

Distribution des résultats

Percentile par nombre de réponses

% des personnes avec chaque résultat

Votre développement - résultats

Vous n’avez pas pris ce quiz depuis la dernière actualisation